000 00390nam a22001457a 4500
999 _c197511
_d197511
008 230824b ||||| |||| 00| 0 eng d
082 _aN-KUM
100 _aSingh, Nisha Chandra
245 _aJawahar Lal Kaul : A Life of Dedicated
_hEnglish
260 _aDelhi
_bA.I.C.B.
_cRohini
270 _aA.I.C.B. Rohini, Delhi
300 _a12x13
490 _v1-3
942 _2ddc
_cBRLEN
_kN
_mKUM